000 00811nam a2200241Ia 4500
003 GCL
008 140319s9999 xx 000 0 ara d
040 _aGCL /
_cGCL
082 0 4 _a111.85
_bم ف
100 1 _aمحمد على ابوريان
245 1 0 _aفلسفة الجمال ونشاة الفنون الجميلة /
_cمحمد على ابوريان
260 _aالقاهرة :
_bدار المعرفة الجامعية ،
_c1994
300 _a346 ص ؛
_c24 سم
650 0 4 _aالفلسفة
650 0 4 _aالفنون الجميلة
650 0 4 _aعلم الجمال
650 0 4 _aالابداع الفنى
650 0 4 _aالفن - تاريخ ونقد
650 0 4 _aالفن الاسلامى
650 0 4 _aفلسفة الجمال
650 0 4 _aالفلسفة والفن
942 _2ddc
_cBK
999 _c44331
_d44331